| 000 | 00504nam a22001697a 4500 | ||
|---|---|---|---|
| 003 | MPLRDC | ||
| 005 | 20220104143915.0 | ||
| 008 | 210129b ||||| |||| 00| 0 eng d | ||
| 082 | _a524.9231 DZ 1993-1998 | ||
| 100 | _a独中工委会考试局 | ||
| 245 |
_a马来西亚文: 历届试题集 (第三辑) 1993-1998 _c |
||
| 260 |
_a _b马来西亚华校董事联合会总会 _c1999 |
||
| 300 | _b平 | ||
| 490 | _a马来西亚华文独中高中统考 | ||
| 650 | _a | ||
| 942 |
_cBK _o524.9231 DZ 1993-1998 |
||
| 999 |
_c44509 _d44499 |
||